Phong trào Nghĩa hội Quảng Nam = Lịch sử Cần Vương tại Quảng Nam /

Spremljeno u:
Bibliografski detalji
Glavni autor: Nguyễn Sinh Duy
Format: Sách giấy
Jezik:Vietnamese
Izdano: Đà Nẵng : Đà Nẵng , 1996
Oznake: Dodaj oznaku
Bez oznaka, Budi prvi tko označuje ovaj zapis!
Thư viện lưu trữ: Thư viện Trường Đại học Đà Lạt
LEADER 00641nam a2200253 4500
001 DLU020014770
005 ##7/7/2000
020 # # |a 978- 
041 # # |a vie 
082 # # |a 959.703  |b NG-D 
090 # # |a 959.703  |b NG-D 
100 # # |a Nguyễn Sinh Duy 
245 # # |a Phong trào Nghĩa hội Quảng Nam =  |b Lịch sử Cần Vương tại Quảng Nam /  |c Nguyễn Sinh Duy 
260 # # |a Đà Nẵng :  |b Đà Nẵng ,  |c 1996 
300 # # |a 408 tr.;   |c 19 cm. 
992 # # |a 32000 
994 # # |a DLU 
900 # # |a False 
911 # # |a Administrator 
925 # # |a G 
926 # # |a A 
927 # # |a SH 
980 # # |a Thư viện Trường Đại học Đà Lạt